| 000 | 00852nac a22002411u 4500 | ||
|---|---|---|---|
| 003 | EG-ScBUE | ||
| 005 | 20221004114913.0 | ||
| 008 | 221004s2007 vraae f 000 0 eng d | ||
| 020 | _a9781864701807 (hbk.) : | ||
| 040 |
_aEG-ScBUE _beng _erda _cEG-ScBUE _dEG-ScBUE |
||
| 082 | 0 | 4 |
_a711.5580973 _bEXL _222 |
| 100 | 1 |
_aExley, Sharon, _eauthor. |
|
| 245 | 1 | 0 |
_aDesign for kids / _cSharon and Peter Exley. |
| 264 | 1 |
_aMulgrave, Victoria : _bImages Publishing, _c2007. |
|
| 300 |
_a275 pages : _billustrations (chiefly color), plans ; _c27 cm |
||
| 650 | 7 |
_aArchitectureisfun (Firm) _2BUEsh |
|
| 650 | 7 |
_aArchitecture and children _zUnited States. _2BUEsh |
|
| 650 | 7 |
_aArchitecture and recreation _zUnited States. _2BUEsh |
|
| 653 | _bENGARC | ||
| 655 | _vReading book | ||
| 700 | 1 |
_aExley, Peter, _eauthor. |
|
| 942 |
_cBB _k711.5580973 EXL _2ddc |
||
| 999 |
_c8591 _d8591 |
||